000 01033nam a2200277Ia 4500
003 OSt
005 20220923211610.0
006 a|||||r|||| 00| 0
007 ta
008 220922b |||||||| |||| 00| 0 hin d
020 _a9789388753746 (hbk)
_c295
024 _a348,635
037 _bBR/7231, 19/02/2019, Rajkamal Prakashan Pvt. Ltd
_cTextual
040 _aARTS
_cARTS
_bhin
041 _2hin
_ahin
082 _aO152,1x, Q9
100 _aवाजपेयी, अशोक, ले.
245 0 _aकम से कम
_b कविताएॅं
246 _aKam se kama: kavitāeॅan: 2 15 - 2 18
260 _aनयी दिल्ली
_b राजकमल प्रकाशन
_c2019
300 _a70पृ.
_ccm.
650 _a हिन्दी साहित्य
_9156264
650 _aहिन्दी कविता
942 _hO152,1x, Q9
_cTEXL
_2CC
999 _c301224
_d301224